Kombinace více funkcí v architektuře = Multi-functional combination in architecture /

Hlavní autor: Hájek, Petr, 1970-
Korporativní autor: České vysoké učení technické v Praze. Fakulta architektury
Jazyk: Čeština
Vydáno: V Praze : České vysoké učení technické, c2010
Edice: Habilitační přednášky ; 3/2010
Témata:
Externí odkaz: Digitalizovaný dokument
Fyzický popis: 39 s. : il. ; 21 cm
Language note: Anglické resumé
Knihy
Uloženo v:
LEADER 02009nam a2200517 a 4500
001 nkc20102039411
003 CZ PrNK
005 20111212114121.0
007 ta
008 100215s2010 xr a f m 000 0 cze
015 |a cnb002039411 
020 |a 978-80-01-04519-0  |q (brož.) 
035 |a (OCoLC)664091168 
040 |a BOA001  |b cze 
041 0 |a cze  |b eng 
072 7 |a 72  |x Architektura  |2 Konspekt  |9 21 
080 |a 72  |2 MRF 
080 |a 72.012.2  |2 MRF 
080 |a 711.4/.8  |2 MRF 
080 |a (043.5:042.3)  |2 MRF 
100 1 |a Hájek, Petr,  |d 1970-  |7 mzk2010508349  |4 aut 
245 1 0 |a Kombinace více funkcí v architektuře =  |b Multi-functional combination in architecture /  |c Petr Hájek 
246 3 1 |a Multi-functional combination in architecture 
260 |a V Praze :  |b České vysoké učení technické,  |c c2010 
300 |a 39 s. :  |b il. ;  |c 21 cm 
490 1 |a Habilitační přednášky ;  |v 3/2010 
500 |a Nad názvem: České vysoké učení technické v Praze, Fakulta architektury 
500 |a 66 výt. 
504 |a Obsahuje bibliografii 
546 |a Anglické resumé 
650 0 7 |a architektura  |7 ph118586  |2 czenas 
650 0 7 |a architektonické projekty  |7 ph137760  |2 czenas 
650 0 7 |a rozvoj měst  |7 ph137468  |2 czenas 
650 0 9 |a architecture  |2 eczenas 
650 0 9 |a architectural projects  |2 eczenas 
650 0 9 |a urban development  |2 eczenas 
655 7 |a habilitační přednášky  |7 fd187328  |2 czenas 
655 9 |a habilitation lectures  |2 eczenas 
710 2 |a České vysoké učení technické v Praze.  |b Fakulta architektury  |7 kn20010710176 
810 2 |a České vysoké učení technické v Praze.  |t Habilitační přednášky  |0 s 
856 4 1 |u https://www.digitalniknihovna.cz/mzk/uuid/uuid:1bfd75d0-29e6-11e4-8f64-005056827e52  |y Digitalizovaný dokument  |x NDK 
910 2 |a BOA001  |b 2-1237.394 
990 |a BK 
995 |a 01 
991 |b 201003  |c NOV 
996 6 |b 2610412966  |c 2-1237.394  |l MZK  |r Sklad / do 1 hodiny  |n 3  |p p.v.  |w 001110753  |u 000010  |a 1  |e BOA001  |j MZK50  |s P